|
|
|
|
| LEADER |
00000cam a2200000 7i4500 |
| 001 |
0000060999 |
| 005 |
20020917.0 |
| 020 |
|
|
|a 1560100915
|
| 090 |
0 |
0 |
|a 741.5
|b DIS
|
| 245 |
0 |
0 |
|a Disney's learn to draw Chip 'n Dale rescue rangers
|c illusttrated by David Pacheco, Pattie Tomsicek and Diana Wakeman
|
| 260 |
|
|
|a California :
|b Walter Foster Publishing,Inc. ,
|c 1991
|
| 300 |
|
|
|a p.v. ;
|c 35cm.
|
| 490 |
0 |
|
|a Disney learn to draw
|
| 650 |
0 |
0 |
|a Caricatures and cartoons
|
| 650 |
0 |
0 |
|a Cartooning
|x Technique
|
| 700 |
1 |
|
|a Pacheco, David
|
| 700 |
1 |
|
|a Tomsicek, Pattie
|
| 999 |
|
|
|a 00099782
|b BUKU
|c PINJAMAN
|e PERPUSTAKAAN KOMUNITI PETALING JAYA
|